| 000 | 03470nam a2200481Ia 4500 | ||
|---|---|---|---|
| 001 | dia_6420 | ||
| 003 | CHAP | ||
| 005 | 20240813133855.0 | ||
| 007 | ta | ||
| 008 | 220601s2016 mx ado frm 001 0 spa d | ||
| 040 |
_amxchpua _cCHAP _erda |
||
| 041 | 0 |
_aspa _beng |
|
| 090 |
_aTesis _bR34 _c2016 |
||
| 100 | 1 | _aRafael Galindo, Gregorio | |
| 240 | 1 | 0 |
_aReduction-precipitation of metals in residues of Chemical Oxygen Demand (COD) at bioprocesos laboratory of the Universidad Autónoma Chapingo. _lEspañol |
| 245 | 1 | 0 |
_aReducción-precipitación de metales en residuos de demanda química de oxígeno (DQO) del laboratorio de bioprocesos de la Universidad Autónoma Chapingo / _cGregorío Rafael Galindo |
| 264 |
_aChapingo, México : _bEl autor, _c2016 |
||
| 300 |
_a90 hojas : _bilustraciones, gráficas, diagramas, tablas, fotos + _e1 CD-ROM |
||
| 336 |
_2rdacontent _atexto _btxt |
||
| 337 |
_2rdamedia _ano mediado _bn |
||
| 338 |
_2rdacarrier _avolumen _bnc |
||
| 500 | _aEl CD contiene reporte, artículo y seminario | ||
| 502 |
_aTesis _b(Ingeniero Agroindustrial) -- _cUACh. Departamento de Ingeniería Agroindustrial, _d2016 |
||
| 504 | _aBibliografía: hojas 75-79 | ||
| 520 | 3 | _aLa prueba de Demanda Química de Oxígeno (DQO) es importante, esta prueba analítica es realizada en el laboratorio de Bioprocesos de la Universidad Autónoma Chapingo, es para conocer el contenido de materia orgánica que se consume en el proceso de digestión anaeróbica por el análisis de la alimentación y efluente de los digestores. Debido a que la prueba de DQO es importante no se puede omitir, esta utiliza soluciones digestora y catalizadora, los cuales contienen cromo (Cr), plata (Ag) y mercurio (Hg), por tal motivo el residuo contendrá estos metales pesados en altos niveles, la concentración de estos sobrepasa por mucho los límites máximos permisibles que establece la normatividad mexicana, este residuo líquido es considerado peligroso de acuerdo con la NOM-052-SEMARNAT-2005. -- | |
| 520 | 3 | _aChemical Oxygen Demand (COD) test is important, this analytical test is carried at Bioprocesos laboratory of the Universidad Autonóma Chapingo to know the content of organic matter consumed in anaerobic digestion process by analyzing feed and effluent of digesters. Because the COD test is important it can´t be omitted, it uses digester and catalyst solutions, which contain chromium (Cr), silver (Ag) and mercury (Hg), therefore, the residue obtained will contain these heavy metals in high levels, the concentration of these metals exceeds by far the maximum permissible limits established by mexican regulation, this liquid waste is considered hazardous according to NOM-052-SEMARNAT-2005. | |
| 650 | 1 | 7 |
_aAguas residuales _2atg |
| 650 | 1 | 3 |
_aTratamiento de agua residual _zMéxico _zChapingo _2atg |
| 650 | 1 | 3 |
_aDemanda química de oxígeno _2atg |
| 650 | 1 | 3 |
_aWastewater treatment _zMexico _zChapingo _2atg |
| 650 | 1 | 3 |
_aSewage _2atg |
| 650 | 1 | 3 |
_aChemical oxygen demand _2atg |
| 700 | 1 |
_aGonzález Rangel, María del Carmen _edirector |
|
| 700 | 1 |
_aEspinosa Solares, Teodoro _easesor |
|
| 700 | 1 |
_aEsparza Torres, Félix _easesor |
|
| 856 | 4 | 1 |
_uhttp://10.13.5.2/tesis/sist113262.pdf _yDESCARGAR PDF |
| 901 | _aTESIS R34 2016 | ||
| 902 | _aM | ||
| 905 | _a5232272016 mx nmdl8223123322spa16 | ||
| 942 |
_cTESIS _2Clasificación Universidad Autónoma Chapingo |
||
| 999 |
_c209663 _d209663 |
||